Т. 96, вып. 2; Атомная энергия

書誌詳細
Parent link:Атомная энергия: теоретический и научно-технический журнал/ Российская академия наук ; Министерство РФ по атомной энергии, ядерного общества. Т. 96, вып. 2.— , 1956-.— 0004-7163
言語:ロシア語
出版事項: 2004
フォーマット: 図書
KOHA link:https://koha.lib.tpu.ru/cgi-bin/koha/opac-detail.pl?biblionumber=426017

MARC

LEADER 00000nam2a2200000 4500
001 426017
005 20231101074501.0
035 |a (RuTPU)RU\TPU\prd\84691 
035 |a RU\TPU\prd\24788 
090 |a 426017 
100 |a 20100628a19569999k y0rusy50 ca 
101 0 |a rus 
102 |a RU 
200 0 |a Т. 96, вып. 2 
210 |d 2004 
461 1 |0 (RuTPU)RU\TPU\prd\33  |x 0004-7163  |t Атомная энергия  |o теоретический и научно-технический журнал  |f Российская академия наук ; Министерство РФ по атомной энергии, ядерного общества  |v Т. 96, вып. 2  |d 1956- 
801 0 |a RU  |b 63413507  |c 20010227  |g PSBO 
801 1 |a RU  |b 63413507  |c 20040405  |g PSBO 
801 2 |a RU  |b 63413507  |c 20201204  |g RCR 
942 |c BK 
999 |a НТБ_ТПУ  |b НФ  |e -8/20100113  |p П-6009  |s 22/20030911  |u 0,00  |v 1